Elementary matrix algebra (Record no. 5092)

MARC details
000 -LEADER
fixed length control field 00511nam a2200193Ia 4500
003 - CONTROL NUMBER IDENTIFIER
control field IN-BaIIA
008 - FIXED-LENGTH DATA ELEMENTS--GENERAL INFORMATION
fixed length control field 211028s9999 xx 000 0 eng d
040 ## - CATALOGING SOURCE
Transcribing agency IIA Library
080 ## - UNIVERSAL DECIMAL CLASSIFICATION NUMBER
Universal Decimal Classification number 512.643
Item number HON
100 ## - MAIN ENTRY--PERSONAL NAME
Personal name Hohn, F. E
9 (RLIN) 9077
245 #0 - TITLE STATEMENT
Title Elementary matrix algebra
Statement of responsibility, etc. F. E. Hohn
250 ## - EDITION STATEMENT
Edition statement 3rd ed.
260 ## - PUBLICATION, DISTRIBUTION, ETC.
Place of publication, distribution, etc. New York
Name of publisher, distributor, etc. Macmillan
Date of publication, distribution, etc. 1973
300 ## - PHYSICAL DESCRIPTION
Extent xvi, 522p.
650 ## - SUBJECT ADDED ENTRY--TOPICAL TERM
Topical term or geographic name entry element  Algebra 
9 (RLIN) 9078
650 ## - SUBJECT ADDED ENTRY--TOPICAL TERM
Topical term or geographic name entry element  Matrices
9 (RLIN) 9079
650 ## - SUBJECT ADDED ENTRY--TOPICAL TERM
Topical term or geographic name entry element Astronomy and astrophysics thesaurus 
9 (RLIN) 1143
942 ## - ADDED ENTRY ELEMENTS (KOHA)
Koha item type Books
Holdings
Withdrawn status Lost status Damaged status Not for loan Home library Current library Shelving location Date acquired Total Checkouts Full call number Barcode Date last seen Price effective from Koha item type
        IIA Library-Bangalore IIA Library-Bangalore General Stacks 21/12/1976   512.643/ HON 5687 05/11/2021 21/12/1976 Books

Powered by Koha